[Event "?"]
[Site "masterchessopen.com Vilnius (Lithuania)"]
[Round "0"]
[White "Prudnikova Svetlana (SRB)"]
[Black "Madl Ildiko (HUN)"]
[Result "1-0"]
[WhiteElo "2349"]
[BlackElo "2399"]

1.d4 Nf6 2.c4 e6 3.Nc3 Bb4 4.e3 Nc6 5.Ne2 d5 6.a3 Be7 7.cxd5 exd5 8.Nf4 Bf5
9.Be2 Qd7 10.Bf3 Be4 11.Bxe4 dxe4 12.Qc2 O-O-O 13.Nxe4 Nxe4 14.Qxe4 g5 15.Ne2
f5 16.Qc2 Qd5 17.O-O Rhg8 18.b4 Rg6 19.Bd2 Bd6 20.Rac1 Qf7 21.b5 Rh6 22.Ng3
Ne7 23.Bb4 Rd7 24.Qa4 Kb8 25.b6 Nc8 26.Bxd6 Nxb6 27.Bxc7+ Rxc7 28.Rxc7 Qxc7
29.Qe8+ Nc8 30.Qf8 Ra6 31.Nxf5 Ra5 32.e4 Qf4 33.g3 Qc7 34.d5 Rc5 35.Qe8 Rc1
36.d6 Qc4 37.Rxc1 Qxc1+ 38.Kg2 {#r} 1-0

[Event "?"]
[Site "masterchessopen.com corr."]
[Round "0"]
[White "Aijala Jouko (FIN)"]
[Black "Venalainen Unto E (FIN)"]
[Result "0-1"]
[WhiteElo "2133"]
[BlackElo "2350"]

1.d4 Nf6 2.c4 e6 3.Nc3 Bb4 4.e3 Nc6 5.Ne2 d5 6.a3 Be7 7.cxd5 exd5 8.Nf4 Bf5
9.Qb3 Na5 10.Qa4+ Nc6 11.Qb5 a6 12.Qb3 Na5 13.Qa2 g5 14.Bd3 Bxd3 15.Nxd3 Nc4
16.e4 Nxe4 17.Nxe4 dxe4 18.Qxc4 exd3 19.O-O Qd7 20.Rd1 O-O-O 21.Rxd3 Qd5
22.Qc3 Rd6 23.b4 Bf6 24.Be3 Rhd8 25.Rc1 Rc6 26.Qd2 Rxc1+ 27.Qxc1 Rd7 28.a4 Kb8
29.h3 h6 30.Qc5 Be7 31.Qxd5 Rxd5 32.Rb3 f5 33.g3 c6 34.f4 a5 35.fxg5 hxg5
36.bxa5 Rxa5 37.Bf2 Rxa4 38.h4 Kc7 39.h5 Bf6 40.Rf3 Ra5 41.h6 g4 42.Re3 Kd7
43.Kg2 b5 44.h7 Ra8 45.Rc3 Rb8 46.Kf1 b4 47.Rb3 Ke6 48.Ke2 Kd5 49.Kd3 Rb7
50.Be1 Rxh7 51.Rxb4 Rh1 52.Bf2 f4 53.Rb2 fxg3 54.Be3 Bxd4 {#R} 0-1

[Event "Bundesliga (2nd) South 1995/96"]
[Site "masterchessopen.com Germany"]
[Round "0"]
[White "Luft Andreas (GER)"]
[Black "Dietz Holger (GER)"]
[Result "0-1"]
[WhiteElo "2315"]
[BlackElo "2265"]

1.d4 Nf6 2.c4 e6 3.Nc3 Bb4 4.e3 Nc6 5.Nf3 d6 6.Bd2 O-O 7.Qc2 e5 8.d5 Ne7 9.e4
a5 10.g3 Nd7 11.Bg2 Nc5 12.a3 Bxc3 13.Bxc3 a4 14.Nd2 f5 15.O-O f4 16.f3 h5
17.b4 axb3 18.Nxb3 Ng6 19.Nxc5 dxc5 20.Qf2 Qe7 21.a4 Ra6 22.Qe2 fxg3 23.hxg3
h4 24.Be1 hxg3 25.Bxg3 Nf4 26.Bxf4 Rxf4 27.Kf2 Qh4+ 28.Ke3 Rg6 29.Kd3 Rg3
30.Rh1 Qg5 31.Rh2 Rxe4 {#R} 0-1

[Event "Bundesliga 1989/90"]
[Site "masterchessopen.com Germany"]
[Round "0"]
[White "Buscher Michael (GER)"]
[Black "Stadtmann Jens (GER)"]
[Result "1-0"]
[WhiteElo "2344"]
[BlackElo "2215"]

1.d4 e6 2.c4 Nf6 3.Nc3 Bb4 4.e3 Nc6 5.Bd3 e5 6.Ne2 O-O 7.a3 Bxc3+ 8.bxc3 d6
9.Ng3 Qe8 10.O-O b6 11.a4 Na5 12.e4 Ba6 13.f4 Nd7 14.fxe5 dxe5 15.Nf5 f6
16.Qg4 g6 17.Ba3 c5 18.Nd6 Qe7 19.Nb5 exd4 20.cxd4 Nb3 21.Rad1 Rad8 22.Qg3 Nb8
23.Bc2 Bxb5 24.Qxb3 Bc6 25.d5 Bb7 26.a5 Rd6 27.axb6 axb6 28.Bb2 Nd7 29.Ra1 Ne5
30.Ra7 Ra8 31.Rfa1 Rxa7 32.Rxa7 Qc7 33.h3 Rd8 34.Qa2 Nf3+ 35.gxf3 Qg3+ 36.Kf1
Qxf3+ 37.Ke1 Bc8 38.Qb3 Qh1+ 39.Kd2 Qg2+ 40.Kc1 Qh1+ 41.Kd2 Qg2+ 42.Kc3 Qxh3+
43.Bd3 Rd6 44.Ra8 Kg7 45.Rb8 Bg4 46.Rxb6 Be2 47.Rb7+ Kh6 48.Qc2 Bf3 49.Qd2+ g5
50.e5 fxe5 51.Rxh7# 1-0

[Event "Bundesliga 1996/97"]
[Site "masterchessopen.com Germany"]
[Round "0"]
[White "Bosbach Gerhard (GER)"]
[Black "Goldberg Alexander (GER)"]
[Result "0-1"]
[WhiteElo "2204"]
[BlackElo "2390"]

1.d4 Nf6 2.c4 e6 3.Nc3 Bb4 4.e3 Nc6 5.Ne2 Ne4 6.Qc2 d5 7.a3 Nxc3 8.Nxc3 Bxc3+
9.Qxc3 O-O 10.Be2 e5 11.dxe5 d4 12.exd4 Nxd4 13.Be3 Nxe2 14.Kxe2 Qh4 15.h3 Be6
16.b3 f6 17.exf6 Rxf6 18.Kf1 Raf8 19.Qd2 Rg6 20.Qd4 Qg3 21.Qe4 Qd6 22.Kg1 Bf5
23.Qxb7 c6 24.Rh2 Be4 25.Qb4 Qxh2+ 26.Kxh2 Rxg2+ 27.Kh1 Rgxf2+ 28.Kg1 Rg2+
29.Kh1 Ra2+ 30.Kg1 Rxa1+ 31.Kh2 Rh1+ 32.Kg3 Rf3+ 33.Kg4 h5+ 34.Kg5 Rxe3
35.Qb8+ Kh7 36.Qxa7 Rhxh3 37.Qc5 Bg6 38.a4 Rhg3+ 39.Kf4 Rgf3+ 40.Kg5 Rf5+ {#R}
0-1

[Event "Bundesliga B Mitte 2009/10"]
[Site "masterchessopen.com Austria"]
[Date "2009.10.10"]
[Round "1"]
[White "Zsinka Laszlo (HUN)"]
[Black "Gostisa Leon (SLO)"]
[Result "0-1"]
[WhiteElo "2293"]
[BlackElo "2423"]

1.d4 Nf6 2.c4 e6 3.Nc3 Bb4 4.e3 Nc6 5.Ne2 d5 6.Ng3 h5 7.Be2 h4 8.Nf1 h3 9.g3
O-O 10.a3 Be7 11.Nd2 e5 12.Nf3 exd4 13.exd4 dxc4 14.d5 Na5 15.Be3 Bf5 16.O-O
{#R} 0-1

[Event "Ch Arab Cities"]
[Site "masterchessopen.com Beirut (Lebanon)"]
[Date "2007.04.14"]
[Round "8"]
[White "Adly Ahmed (EGY)"]
[Black "Malkawi Fadi (JOR)"]
[Result "1-0"]
[WhiteElo "2494"]
[BlackElo "2124"]

1.d4 Nf6 2.c4 e6 3.Nc3 Bb4 4.e3 Nc6 5.Bd3 d5 6.Ne2 O-O 7.O-O dxc4 8.Bxc4 Bd6
9.f4 Na5 10.Bd3 c5 11.e4 cxd4 12.Nb5 Bc5 13.Qc2 Bb6 14.e5 Ne4 15.Be3 dxe3
16.Bxe4 h6 17.Rfd1 Qe7 18.Nd6 Nc6 19.Rac1 f6 20.Nc4 fxe5 21.Bxc6 bxc6 22.Nxe5
Qf6 23.Qc4 Rd8 24.Rxd8+ Qxd8 25.Qxc6 Rb8 26.f5 Qd2 27.f6 Bb7 28.Qxe6+ Kh7
29.Qf5+ Kh8 30.fxg7+ Kxg7 31.Qf7+ {#r} 1-0

[Event "Ch Argentina"]
[Site "masterchessopen.com Buenos Aires (Argentina)"]
[Round "0"]
[White "Luckis Marcos"]
[Black "Foguelman Alberto (ARG)"]
[Result "1-0"]
[WhiteElo "2270"]
[BlackElo "2310"]

1.d4 Nf6 2.c4 e6 3.Nc3 Bb4 4.e3 Nc6 5.Ne2 O-O 6.a3 Bxc3+ 7.Nxc3 d6 8.Bd3 e5
9.d5 Nb8 10.O-O Ne8 11.e4 g6 12.b4 Nd7 13.Qc2 Ng7 14.Bh6 Qh4 15.Be3 f5 16.f3
f4 17.Bf2 Qd8 18.c5 Ne8 19.Rfc1 Ndf6 20.cxd6 cxd6 21.Nb5 b6 22.Nxa7 Bb7 23.Nc6
Qd7 24.b5 g5 25.Kh1 g4 26.Bxb6 Kh8 27.Rg1 Rg8 28.a4 Rg6 29.g3 fxg3 30.Rxg3 h5
31.fxg4 hxg4 32.Qf2 Ng7 33.a5 Ngh5 34.a6 Nxg3+ 35.Qxg3 Kg7 36.Rc1 Bc8 37.Nxe5
dxe5 38.Rc7 {#r} 1-0

[Event "Ch Argentina"]
[Site "masterchessopen.com Buenos Aires (Argentina)"]
[Round "0"]
[White "Grynszpan Mariano (ARG)"]
[Black "Bronstein Luis (ARG)"]
[Result "0-1"]
[WhiteElo "2390"]
[BlackElo "2349"]

1.d4 Nf6 2.c4 e6 3.Nc3 Bb4 4.e3 Nc6 5.Ne2 d5 6.a3 Be7 7.Ng3 h5 8.cxd5 exd5
9.Be2 h4 10.Nh5 Nxh5 11.Bxh5 Be6 12.Bf3 Bf6 13.Bd2 Ne7 14.Bg4 Qd7 15.Bxe6 Qxe6
16.Qe2 Nf5 17.O-O-O O-O-O 18.g4 hxg3 19.hxg3 Nd6 20.Qf3 Ne4 21.Qg2 Rxh1
22.Rxh1 c5 23.Re1 Re8 24.Qf1 Nxd2 25.Kxd2 cxd4 26.Nb5 dxe3+ 27.fxe3 a6 28.Nc3
d4 29.exd4 Qxe1+ 30.Qxe1 Rxe1 31.Kxe1 Bxd4 32.Nd1 Kd7 33.Ke2 Ke6 34.Kd3 Kd5
35.b3 b5 {#R} 0-1

[Event "Ch Argentina"]
[Site "masterchessopen.com Buenos Aires (Argentina)"]
[Round "0"]
[White "Tempone Marcelo (ARG)"]
[Black "Bronstein Luis (ARG)"]
[Result "0-1"]
[WhiteElo "2411"]
[BlackElo "2349"]

1.d4 Nf6 2.c4 e6 3.Nc3 Bb4 4.e3 Nc6 5.Bd3 d5 6.Ne2 O-O 7.O-O a6 8.a3 dxc4
9.Bxc4 Bd6 10.f4 b5 11.Bd3 Bb7 12.b4 a5 13.bxa5 b4 14.Nb5 Rxa5 15.Bd2 Rxb5
16.Bxb5 bxa3 17.Nc3 Ne7 18.Be2 Ned5 19.Bf3 Nxc3 20.Bxc3 Bxf3 21.gxf3 Nd5
22.Qd3 c5 23.Kh1 c4 24.Qd2 Qh4 25.Rac1 Rc8 26.Rg1 g6 27.Rg4 Qe7 28.Ba1 c3
29.Qe2 c2 30.e4 Nxf4 31.Qd2 Nh5 32.Rxc2 Rxc2 33.Qxc2 Qf6 34.Qc3 Bf8 35.d5 e5
36.f4 Nxf4 37.Qxe5 Qxe5 38.Bxe5 Nd3 39.Bd4 Bg7 40.e5 Bxe5 41.Kg1 f5 42.Rh4 g5
43.Bxe5 gxh4 44.Bc3 a2 45.Kf1 {#R} 0-1

[Event "Ch Armed Forces (team)"]
[Site "masterchessopen.com Simferopol (Ukraine)"]
[Round "0"]
[White "Erikalov Alexey (RUS)"]
[Black "Gogichaishvili Giorgi (GEO)"]
[Result "0-1"]
[WhiteElo "2433"]
[BlackElo "2348"]

1.d4 Nf6 2.c4 e6 3.Nc3 Bb4 4.e3 Nc6 5.Ne2 d5 6.a3 Be7 7.cxd5 exd5 8.Nf4 Bf5
9.Qf3 Bg4 10.Qg3 h5 11.f3 Ne4 12.fxe4 Bh4 13.exd5 Bxg3+ 14.hxg3 Ne7 15.e4 c6
16.Bc4 Rc8 17.Ba2 cxd5 18.Ncxd5 Nxd5 19.Nxd5 Qa5+ {#R} 0-1

[Event "Ch Australia"]
[Site "masterchessopen.com Sydney (Australia)"]
[Round "1"]
[White "Ginat Michael (USA)"]
[Black "Johansen Darryl K (AUS)"]
[Result "0-1"]
[WhiteElo "2190"]
[BlackElo "2408"]

1.d4 e6 2.c4 Nf6 3.Nc3 Bb4 4.e3 Nc6 5.Nf3 d5 6.Be2 O-O 7.O-O Re8 8.h3 a6 9.a3
Bxc3 10.bxc3 Na5 11.Nd2 Bd7 12.cxd5 exd5 13.c4 dxc4 14.Nxc4 Nxc4 15.Bxc4 Bc6
16.Bb2 Qd7 17.Rc1 Re7 18.Re1 Rae8 19.Bf1 Nd5 20.Qd2 Bb5 21.Bd3 Bxd3 22.Qxd3 f5
23.Qd2 Re4 24.Rcd1 Qe6 25.Bc1 f4 26.Qd3 f3 27.gxf3 Qxh3 28.fxe4 Re6 29.exd5
Qg4+ 30.Kf1 Rh6 31.Qe4 Qxe4 32.Ke2 Rf6 {#R} 0-1

[Event "Ch Australia"]
[Site "masterchessopen.com Sydney (Australia)"]
[Round "10"]
[White "Feldman Vladimir (AUS)"]
[Black "Gedevanishvili Dmitry (AUS)"]
[Result "0-1"]
[WhiteElo "2315"]
[BlackElo "2365"]

1.d4 Nf6 2.c4 e6 3.Nc3 Bb4 4.e3 Nc6 5.Bd3 e5 6.Ne2 d5 7.cxd5 Nxd5 8.e4 Nb6
9.d5 Ne7 10.O-O c6 11.Qb3 Bc5 12.Bg5 h6 13.Bh4 O-O 14.Rad1 Qd6 15.a3 Ng6
16.Bg3 h5 17.h3 Qf6 18.Kh1 Nf4 19.Nxf4 exf4 20.e5 Qxe5 21.Rfe1 Qc7 22.Bh4 f3
23.Be4 fxg2+ 24.Bxg2 Bf5 25.dxc6 bxc6 26.Bg3 Qc8 27.Re5 Be6 28.Qc2 Be7 29.Rxh5
g6 30.Be5 gxh5 31.Rg1 Bg4 32.hxg4 Qe6 33.Qf5 hxg4 34.Qh5 f5 35.Qh8+ Kf7
36.Qh5+ Qg6 37.Qxg6+ Kxg6 38.Bxc6 Rad8 39.f3 Nc4 40.Bf4 Rd4 41.Ne2 Rh8+ 42.Kg2
Rdd8 43.fxg4 fxg4 44.Be4+ Kg7 45.Rc1 Nd6 46.Be5+ Bf6 47.Rc7+ Nf7 48.Bf4 Rhe8
49.Ng3 Be5 50.Bxe5+ Rxe5 51.Kf2 Rd2+ 52.Ke3 Rxb2 53.Kf4 Rf2+ 54.Kxg4 Rg5+
55.Kh3 Ra5 56.Kg4 Kf6 57.Nh5+ Ke5 58.Kg3 Ra2 59.Re7+ Kd4 60.Nf6 Ne5 61.Re6
R5xa3+ 62.Kf4 Rf2+ 63.Kg5 Rg3+ 64.Kh4 Rg7 65.Rd6+ Ke3 66.Kh3 Rxf6 {#R} 0-1

[Event "Ch BRD (juniors) (under 18)"]
[Site "masterchessopen.com Odenthal Eikamp (Germany)"]
[Date "1981.12.30"]
[Round "3"]
[White "Kaiser Wolfgang (GER)"]
[Black "Paunovic Dragan (SRB)"]
[Result "0-1"]
[WhiteElo "2294"]
[BlackElo "2512"]

1.d4 Nf6 2.c4 e6 3.Nc3 Bb4 4.e3 Nc6 5.Ne2 d5 6.cxd5 exd5 7.a3 Bd6 8.Ng3 h5
9.Qc2 Ne7 10.Bd3 g6 11.e4 h4 12.e5 hxg3 13.exd6 Rxh2 14.Rf1 Nf5 15.Bg5 c6
16.Qe2+ Be6 17.Bxf5 gxf5 18.fxg3 Kd7 19.O-O-O Qf8 20.Bxf6 Qh6+ 21.Kb1 Qxf6
22.Na4 Kxd6 23.Qd2 b6 24.g4 f4 25.Rxf4 Qg6+ 26.Ka1 Rah8 27.Rff1 Qxg4 28.Rde1
R8h7 29.Qb4+ Kc7 30.Qe7+ Bd7 31.Rc1 Qe6 32.Qg5 f5 33.Nc3 Kb7 34.Qg3 R2h6
35.Rfe1 Qd6 36.Re5 Rh1 37.Rce1 Rxe1+ 38.Qxe1 Rg7 39.g3 Rh7 40.Ka2 Rg7 41.Qe3
Qf6 42.Ne2 Qg5 43.Qc3 Rg8 44.Qb4 Qf6 45.Qc3 a5 46.Nf4 Qg7 47.Re3 Qf7 48.Nd3
Rg7 49.Ne5 Qf8 50.Rf3 Qd6 51.Qc2 Bc8 52.Rc3 Rc7 53.Nd3 Ka7 54.Qf2 Re7 55.Ne5
Rc7 56.Qc2 c5 57.Ka1 c4 58.Qd2 Rh7 59.Qg5 b5 60.Rc1 b4 61.Qg8 Rc7 62.a4 b3
63.Kb1 f4 64.Rc3 Bf5+ 65.Kc1 fxg3 66.Qxg3 Rh7 67.Re3 Qh6 68.Qf2 Qg5 69.Nf3
Rh1+ 70.Ne1 Rh2 71.Qxh2 Qxe3+ 72.Qd2 Qxd2+ 73.Kxd2 Be4 74.Kc3 Kb7 75.Kd2 Kc7
76.Kc3 Kd7 77.Kd2 Ke6 78.Kc3 Kf5 79.Kd2 Kg4 80.Kc3 Kg3 81.Kd2 Kf2 82.Kc3 Kf1
83.Kd2 Kf2 84.Kc3 Bf5 85.Kd2 Bd7 86.Kc3 Bxa4 {#R} 0-1

[Event "Ch Bahamas"]
[Site "masterchessopen.com Bahamas"]
[Date "2009.11.11"]
[Round "5"]
[White "Gibson Ken (BAH)"]
[Black "Smith Kean (BAH)"]
[Result "1-0"]
[WhiteElo "1904"]
[BlackElo "1841"]

1.d4 Nf6 2.c4 e6 3.Nc3 Bb4 4.e3 Nc6 5.Qc2 O-O 6.a3 Bxc3+ 7.Qxc3 d6 8.b4 Qe7
9.Bd3 e5 10.d5 Nb8 11.e4 h6 12.Ne2 c6 13.f3 Nbd7 14.Be3 c5 15.bxc5 dxc5 16.O-O
b6 17.a4 a5 18.Rab1 Ba6 19.Ng3 Bc8 20.Nf5 Qe8 21.Qd2 Kh7 22.Bxh6 g6 23.Bxf8
Qxf8 24.Ne3 Nh5 25.g3 Qh6 26.Rf2 Rb8 27.Ng2 Qxd2 28.Rxd2 Nhf6 29.f4 Ne8 30.Nh4
Nd6 31.Nf3 f6 32.fxe5 fxe5 33.Ng5+ Kg7 34.Rf2 Ba6 35.Rbf1 Rb7 36.Rc1 Rb8
37.Ne6+ Kg8 38.Nc7 Bb7 39.Rb1 Rf8 40.Rxf8+ Kxf8 41.Rf1+ Kg8 42.Kg2 Kg7 43.Kh3
Bc8 44.Kg2 Nf8 45.h3 Bd7 46.Rb1 Nc8 47.Na8 Bxa4 48.Nxb6 Nxb6 49.Rxb6 Nd7
50.Ra6 Kf7 51.Rxa5 Bd1 52.g4 Kf6 53.Ra6+ Kf7 54.Rd6 Ba4 55.g5 Kg7 56.Bc2 Bxc2
57.Rxd7+ Kf8 58.Kf3 Bd3 59.Rc7 Bxc4 60.Rxc5 Bb3 61.Rc6 Kf7 62.Rf6+ Kg7 63.Re6
Kf7 64.Rxe5 {#r} 1-0

[Event "Ch Belgium (team) (2) 2003/04"]
[Site "masterchessopen.com Belgium"]
[Date "2004.02.01"]
[Round "8"]
[White "Vanparys Philip (BEL)"]
[Black "Tolk Peter (NED)"]
[Result "0-1"]
[WhiteElo "2207"]
[BlackElo "2273"]

1.d4 Nf6 2.c4 e6 3.Nc3 Bb4 4.e3 Nc6 5.Ne2 d5 6.a3 Be7 7.Nf4 O-O 8.cxd5 exd5
9.Bd3 Nb8 10.O-O c6 11.e4 dxe4 12.Bb1 Nbd7 13.Nxe4 Nb6 14.Nxf6+ Bxf6 15.Be3
Nd5 16.Nxd5 Qxd5 17.Ba2 Qb5 18.Qb3 Qxb3 19.Bxb3 Be6 20.Bxe6 fxe6 21.Rad1 Rfd8
22.Rd2 Rd5 23.Rfd1 Rad8 24.Kf1 Kf7 25.Ke2 a6 26.h3 R8d7 27.Rd3 Ke8 28.R3d2 Rb5
29.Rb1 Be7 30.Rd3 Bf6 31.b3 Rbd5 32.Rbd1 Kd8 33.R1d2 Kc8 34.Rd1 Rd8 35.R1d2
Kd7 36.Bf4 Ke8 37.Be3 g6 38.Rd1 R8d7 39.R3d2 Be7 40.Ra2 Bc5 41.Rc1 Bxd4
42.Bxd4 Rxd4 43.Rc3 Ke7 44.Rac2 R7d5 45.Rf3 Rf5 46.Re3 Kd6 47.Rec3 Ra5 48.Ra2
Re4+ 49.Kf3 Re1 50.Rc4 Rd5 51.Rc3 e5 52.h4 Rd4 53.g3 c5 54.Rac2 Rd5 55.Kg4 e4
56.Kf4 Rf5+ 57.Kg4 h5+ 58.Kh3 b5 59.a4 Rd5 60.axb5 axb5 61.f3 e3 62.Kg2 b4
{#R} 0-1

[Event "Ch Belgium (team) 1995/96"]
[Site "masterchessopen.com Belgium"]
[Round "0"]
[White "Van Hoofstat Tom (BEL)"]
[Black "Van Herck Marcel (BEL)"]
[Result "0-1"]
[WhiteElo "2062"]
[BlackElo "2175"]

1.d4 Nf6 2.c4 e6 3.Nc3 Bb4 4.e3 Nc6 5.Nf3 d6 6.Qc2 O-O 7.Bd3 e5 8.d5 Bxc3+
9.Qxc3 Ne7 10.Qc2 Bg4 11.Ng5 g6 12.h3 Bd7 13.e4 Nh5 14.Nf3 f5 15.Bg5 Kg7
16.Qd2 f4 17.O-O-O h6 18.Bxe7 Qxe7 19.Kb1 a5 20.Rc1 b6 21.Qe2 Be8 22.Rcg1 Nf6
23.Rc1 g5 24.Nh2 h5 25.f3 Bd7 26.Nf1 Rh8 27.g3 fxg3 28.Nxg3 h4 29.Nf5+ Bxf5
30.exf5 Nh5 31.Rhg1 Kh6 32.Rg4 Qf6 33.Be4 Ng3 34.Qd2 Kh5 35.Rg1 Rhg8 36.Qd1
Kh6 37.R1xg3 hxg3 38.Qg1 Kg7 39.Qxg3 Kf7 40.Qg2 Rg7 41.a3 Rh8 42.Rg3 Rh4
43.Ka2 Qh6 44.Qc2 Kf6 45.Qa4 Qh8 46.Qc6 Qd8 47.Bd3 Rh8 48.Qa4 Qd7 49.Qc2 Rgh7
50.Qg2 Qg7 51.Bf1 Rh4 52.Qc2 Qd7 53.Bd3 Rxh3 54.Rxh3 Rxh3 55.Be4 Rh4 56.Qd1 b5
57.Qb3 g4 58.cxb5 g3 59.b6 cxb6 60.Qxb6 g2 61.f4 Rg4 62.fxe5+ Kxe5 63.Bxg2
Rxg2 64.Qe3+ Kf6 65.Qh6+ Kf7 66.Qh5+ Kg8 67.Qf3 Rg5 68.Qe4 Kf7 69.Qc4 Rxf5
70.Qh4 Kg7 71.Qg4+ Kf6 72.Qh4+ Ke5 73.Qc4 Qf7 74.Qc3+ Kxd5 75.a4 Rf3 76.Qxa5+
Ke4+ 77.Kb1 Rf1+ 78.Kc2 Qc4+ 79.Qc3 Rf2+ 80.Kb1 Qxc3 81.bxc3 Kd3 82.a5 Kxc3
83.a6 Rb2+ 84.Kc1 Ra2 85.Kd1 Rxa6 {#R} 0-1

[Event "Ch Belgium (team) 1996/97"]
[Site "masterchessopen.com Belgium"]
[Round "11"]
[White "Goormachtigh Johan (BEL)"]
[Black "Lacroix Bruno (BEL)"]
[Result "1-0"]
[WhiteElo "2305"]
[BlackElo "2196"]

1.d4 Nf6 2.c4 e6 3.Nc3 Bb4 4.e3 Nc6 5.Nf3 d6 6.Bd2 e5 7.d5 Bxc3 8.Bxc3 Ne7
9.Be2 O-O 10.Nd2 Re8 11.O-O c6 12.dxc6 bxc6 13.Qa4 Be6 14.c5 Ned5 15.Ba5 Qb8
16.cxd6 Qxd6 17.Nc4 Qb8 18.Qxc6 Rc8 19.Qd6 Qxd6 20.Nxd6 Rc2 21.Bc4 Rxb2 22.Bb3
e4 23.Nc4 Re2 24.Bd1 Nc3 25.Bxc3 Bxc4 26.Bxe2 Bxe2 27.Rfe1 Bd3 28.Bxf6 gxf6
29.Rec1 Rb8 30.Rc5 Rb2 31.h3 Kg7 32.a4 a6 33.g4 Kg6 34.Rf5 Be2 35.Rc1 Rb6
36.Kg2 Kg7 37.Kg3 Rb4 38.Ra5 Rb6 39.Rc8 Re6 40.Rac5 Bd3 41.R8c6 {#r} 1-0

[Event "Ch Brazil (1/2 final)"]
[Site "masterchessopen.com Sao Paulo (Brazil)"]
[Date "2010.10.30"]
[Round "2"]
[White "Da Silva Edson Rodrigo"]
[Black "Terao Juliana Sayumi (BRA)"]
[Result "0-1"]
[WhiteElo "1987"]
[BlackElo "2138"]

1.d4 Nf6 2.c4 e6 3.Nc3 Bb4 4.e3 Nc6 5.Nf3 d6 6.Bd3 e5 7.Qc2 Bxc3+ 8.bxc3 Qe7
9.d5 e4 10.dxc6 exd3 11.Qxd3 bxc6 12.O-O O-O 13.Re1 Ba6 14.e4 Nd7 15.Bf4 f6
16.Nd4 c5 17.Nf5 Qe6 18.Qg3 g6 19.h4 Kh8 20.Nh6 Bxc4 21.h5 g5 22.Nf5 Rg8
23.Bd2 Ne5 24.Nh6 Rgf8 25.f3 Qe8 26.Qh2 Be6 27.Be3 Rb8 28.f4 gxf4 29.Bxf4 Rb2
30.Re3 Bf7 31.Rh3 Be6 32.Rg3 Bc4 {#R} 0-1

[Event "Ch Bulgaria"]
[Site "masterchessopen.com Sofia (Bulgaria)"]
[Round "12"]
[White "Gerenski Hristo (BUL)"]
[Black "Kolarov Atanas S (BUL)"]
[Result "0-1"]
[WhiteElo "2189"]
[BlackElo "2415"]

1.d4 Nf6 2.c4 e6 3.Nc3 Bb4 4.e3 Nc6 5.Ne2 d5 6.a3 Be7 7.cxd5 exd5 8.Nf4 Be6
9.Be2 O-O 10.g4 Qd7 11.g5 Ne8 12.h4 Nd8 13.Qc2 Bf5 14.Bd3 Bxd3 15.Qxd3 c6
16.Nce2 Nd6 17.f3 Ne6 18.e4 Nxf4 19.Bxf4 Nc4 20.Qc2 f6 21.O-O-O fxg5 22.hxg5
g6 23.Rdg1 Rf7 24.Kb1 Bxa3 25.Bc1 Bf8 26.f4 Nd6 27.f5 Nxe4 28.f6 Rc8 29.Rh4
Bd6 30.Rgh1 Qf5 31.Bf4 Bxf4 32.Nxf4 Qxg5 33.Qh2 Nxf6 34.Rg1 Qf5+ 35.Ka1 Rg7
{#R} 0-1

[Event "Ch Bulgaria (team)"]
[Site "masterchessopen.com Borovets (Bulgaria)"]
[Date "2008.10.02"]
[Round "2"]
[White "Ivanov Jordan (BUL)"]
[Black "Badev Kiril (BUL)"]
[Result "1-0"]
[WhiteElo "2428"]
[BlackElo "2324"]

1.d4 Nf6 2.c4 e6 3.Nc3 Bb4 4.e3 Nc6 5.Ne2 d5 6.a3 Be7 7.cxd5 Nxd5 8.Nxd5 Qxd5
9.Nc3 Qd7 10.Bd3 O-O 11.Qc2 h6 12.O-O Rd8 13.Rd1 Bf8 14.b4 Ne7 15.Bb2 b6 16.e4
Bb7 17.Rac1 Ng6 18.Ne2 Rac8 19.Qb3 Qe7 20.Rc3 Qh4 21.Qc2 c5 22.bxc5 bxc5
23.dxc5 Ne5 24.Ng3 Nxd3 25.Rdxd3 Rxd3 26.Qxd3 Bxc5 27.Qc2 Qe7 28.Nh5 e5 29.Ng3
g6 30.Bc1 Kh7 31.Qd2 Qf8 32.h4 h5 33.Rf3 Rc7 34.Bb2 Qe7 35.Bc1 Qxh4 36.Qh6+
Kg8 37.Bg5 Bxf2+ 38.Kxf2 Qh2 39.Nf1 Rc2+ 40.Nd2 Bxe4 41.Bf6 {#r} 1-0

[Event "Ch Catalunia (team)"]
[Site "masterchessopen.com Catalunia (Spain)"]
[Round "1"]
[White "Gual Pascual Antonio (ESP)"]
[Black "Perez Lopez Jesus M (ESP)"]
[Result "1-0"]
[WhiteElo "2433"]
[BlackElo "2104"]

1.d4 Nf6 2.c4 e6 3.Nc3 Bb4 4.e3 Nc6 5.Bd3 O-O 6.Ne2 d5 7.a3 dxc4 8.Bxc4 Bd6
9.e4 e5 10.d5 Ne7 11.f3 Ng6 12.Be3 a6 13.Qd2 b5 14.Bb3 Bd7 15.O-O Nh5 16.a4 b4
17.Na2 a5 18.Nac1 Nhf4 19.Nd3 Nxd3 20.Qxd3 f5 21.exf5 Bxf5 22.Qd2 Kh8 23.Ng3
Nf4 24.Nxf5 Rxf5 25.Bc2 Rh5 26.Be4 Qh4 27.g3 Rg5 28.Rf2 Rf8 29.Rg2 {#r} 1-0

[Event "Ch City"]
[Site "masterchessopen.com Omsk (Russia)"]
[Date "2008.02.06"]
[Round "1"]
[White "Karabut Vladimir (RUS)"]
[Black "Usatchev Sergei (RUS)"]
[Result "1-0"]
[WhiteElo "2178"]
[BlackElo "1842"]

1.d4 Nf6 2.c4 e6 3.Nc3 Bb4 4.e3 Nc6 5.Ne2 e5 6.d5 Ne7 7.a3 Bxc3+ 8.Nxc3 d6
9.Bd3 O-O 10.O-O Ne8 11.e4 f5 12.exf5 Bxf5 13.f4 Bxd3 14.Qxd3 exf4 15.Bxf4 Ng6
16.Bg3 Nf6 17.Nb5 Qd7 18.Nd4 Rae8 19.Ne6 Rf7 20.Qd4 c5 21.Qd3 Ree7 22.b4 b6
23.bxc5 bxc5 24.Rab1 Re8 25.Rb2 Nf8 26.Nxf8 Rexf8 27.Rfb1 Ne8 28.h3 Qe7 29.Re2
Qg5 30.Kh2 Re7 31.Rxe7 Qxe7 32.Re1 Qd7 33.Qe4 h6 34.Qg6 Qf7 35.Qg4 Nf6 36.Qe6
Qxe6 37.Rxe6 Re8 38.Rxd6 Ne4 39.Rc6 {#r} 1-0

[Event "Ch City"]
[Site "masterchessopen.com Omsk (Russia)"]
[Date "2008.02.09"]
[Round "5"]
[White "Lunga Oleg (RUS)"]
[Black "Usatchev Sergei (RUS)"]
[Result "0-1"]
[WhiteElo "1639"]
[BlackElo "1842"]

1.d4 Nf6 2.c4 e6 3.Nc3 Bb4 4.e3 Nc6 5.Nf3 Ne4 6.Bd2 Nxd2 7.Qxd2 d5 8.c5 O-O
9.a3 Bxc3 10.bxc3 b6 11.cxb6 axb6 12.Bb5 Na5 13.Qb2 Ba6 14.Bxa6 Rxa6 15.Qb5
Qa8 16.O-O Nc4 17.a4 Qb7 18.Rfd1 Rfa8 19.Ne1 c6 20.Qb4 b5 21.Nd3 Rxa4 22.Rxa4
Rxa4 23.Qb3 Ra3 24.Qb4 Qa7 25.Qc5 Ra1 26.Rf1 Nd2 27.Re1 Rxe1+ 28.Nxe1 Qxc5
29.dxc5 Ne4 30.Nd3 Nxc3 31.Nb4 Na4 32.Nxc6 Nxc5 {#R} 0-1

[Event "Ch City (1/2 final)"]
[Site "masterchessopen.com Omsk (Russia)"]
[Date "2006.12.17"]
[Round "7"]
[White "Boichuk Alexei (RUS)"]
[Black "Usatchev Sergei (RUS)"]
[Result "1-0"]
[WhiteElo "2117"]
[BlackElo "1861"]

1.d4 Nf6 2.c4 e6 3.Nc3 Bb4 4.e3 Nc6 5.Ne2 d5 6.a3 Bxc3+ 7.Nxc3 dxc4 8.Bxc4 O-O
9.O-O b6 10.Qd3 Bb7 11.Rd1 Nd5 12.e4 Nxc3 13.bxc3 Qh4 14.f3 Ne7 15.Be3 c6
16.a4 Rfd8 17.Qe2 Rd7 18.Rd2 Rad8 19.Rad1 Qh5 20.Qd3 Qa5 21.Qc2 h6 22.Qb3 Kh7
23.Qb4 Qxb4 24.cxb4 Nc8 25.Bd3 Kg8 26.Kf2 Ne7 27.Bc4 Nc8 28.g4 Kh7 29.h4 g6
30.Ke2 Nd6 31.Bd3 Ne8 32.g5 h5 33.Rc1 Nd6 34.b5 cxb5 35.axb5 Rc8 36.Rdc2 Rxc2+
37.Rxc2 Kg8 38.Bf4 Nc8 39.Be5 Kf8 40.Ke3 Ke8 41.f4 Ne7 42.Bb8 Nc8 43.Ra2 Ba8
44.f5 exf5 45.exf5 Ne7 46.fxg6 fxg6 47.Rxa7 Rxa7 48.Bxa7 Nd5+ 49.Kd2 Kf7
50.Bc4 Ke7 51.Bb8 Kd7 52.Bd3 Ne7 53.Be5 Bd5 54.Bf6 Bf7 55.Bxe7 Kxe7 56.Be4 Kd6
57.Ke3 Be8 58.Kf4 Bf7 59.Bc6 Bb3 60.Be4 Bf7 61.Ke3 Be8 62.Kd2 Bf7 63.Bc6 Be6
64.Be8 Bf5 65.Bf7 Be4 66.Ke3 Bf5 67.Bc4 Bd7 68.Bf7 Bf5 69.Kf4 Bd3 70.Be8 Bf5
71.Ke3 Ke7 72.Bc6 Be6 73.Be4 Bf7 74.Kd3 Kd6 75.Kc3 Kd7 76.Bd3 Kd6 77.Bc4 Be8
78.Bg8 Bd7 79.Kc4 Bf5 80.Bf7 Be4 81.d5 Bf5 82.Kd4 Bc2 83.Be6 Bb1 84.Bh3 Bc2
85.Bg2 Ba4 86.Be4 Bxb5 87.Bxg6 Be2 88.Bh7 Bg4 89.Ke4 b5 90.g6 Ke7 91.g7 {#r}
1-0